000 00496cam a2200145 4500500
005 20251012032605.0
041 _afre
042 _adc
100 1 0 _aLévi, Florence
_eauthor
245 0 0 _aAnnick LE GUÉRER, Le Parfum. Des origines à nos jours, Éditions Odile Jacob, 2005, 406 pages.
260 _c2006.
500 _a11
786 0 _nSigila | 18 | 2 | 2006-12-20 | p. 191-192 | 1286-1715
856 4 1 _uhttps://shs.cairn.info/revue-sigila-2006-2-page-191?lang=fr&redirect-ssocas=7080
999 _c1547736
_d1547736